N. V. Gogoľ a evanjelium

Bibliographic Details
Format: Article
Language:Slovak
Subjects:

MARC

LEADER 00000nab a2200000 a 4500
001 vtls000471394
003 SK-MaSNL
005 20260303203501.0
008 120926c1992 xo 0 slo
015 |a SNBRB19rr/mm-uuuuu 
035 |a CL0471527 
040 |a SNKBUCL  |b slo  |c SNKBUCL  |e AACR2 
041 0 |a slo 
044 |a xo  |c SK 
080 |a 82:929:882  |2 1981 
080 |a 882:929  |2 1981 
080 |a 929 Gogoľ, Nikolaj Vasiľjevič  |2 1981 
245 0 0 |a N. V. Gogoľ a evanjelium 
600 1 7 |a Gogoľ, Nikolaj Vasilievič,  |d 1809-1852  |2 snkbucl  |9 103929 
655 7 |a články z novín a časopisov  |2 snkbucl  |9 267496 
655 7 |a články z odboru literárna veda a krásna literatúra  |2 snkbucl  |9 770045 
773 0 |t Odkaz sv. Cyrila a Metoda  |g Roč. 38, č. 10 (1992), s. 359-362 
850 |a Slovenská národná knižnica v Martine  |a MTA001 
852 |a SNK  |b KIS3GCP 
958 |a RK 
958 |a LX 
992 |a RBX 
999 |c 2185721  |d 2187651